XVIII congreso de la Asociación Chilena de Control Automático
Sparad:
| Huvudupphovsman: | |
|---|---|
| Materialtyp: | Bok |
| Språk: | spanska |
| Publicerad: |
Santiago
Universidad Andrés Bello
2008
|
| Ämnen: | |
| Taggar: |
Lägg till en tagg
Inga taggar, Lägg till första taggen!
|
MARC
| LEADER | 00000nam a2200000 a 4500 | ||
|---|---|---|---|
| 001 | UCH0034 | ||
| 003 | CL-VaPUC | ||
| 005 | 20240528145003.0 | ||
| 008 | 090108e20080000cl 1 spa d | ||
| 082 | 0 | 4 | |a 629.8 |b LEF |2 21 |
| 100 | |a Lefranc Hernández, Gastón |e autor |9 621315 | ||
| 245 | 1 | 0 | |a XVIII congreso de la Asociación Chilena de Control Automático |
| 246 | 1 | 0 | |a Tendencias del siglo XXI |
| 260 | |a Santiago |b Universidad Andrés Bello |c 2008 | ||
| 300 | |a pág. irreg | ||
| 583 | |a last modification |c 20190910 11:28:01 |k Rodrigo Vera | ||
| 650 | 0 | 0 | |a Control automático |9 259890 |
| 650 | 0 | 0 | |a Redes de computadores |9 263293 |
| 650 | 0 | 0 | |a Ingeniería biomédica |9 262962 |
| 650 | 0 | 0 | |a Redes neuronales |9 497590 |
| 650 | 0 | 0 | |a Robótica |9 263360 |
| 650 | 0 | 7 | |a INTELIGENCIA ARTIFICIAL |2 CL-VaPUC |9 621316 |
| 650 | 0 | 0 | |a Instrumentación |9 435399 |
| 650 | 0 | 7 | |a SISTEMA DE ENERGIA |2 CL-VaPUC |9 621317 |
| 650 | 0 | 0 | |a Congresos |9 257560 |
| 942 | |c BK | ||
| 945 | |a rbrito |d 20090108 00:00:00 | ||
| 546 | |a En Español | ||
| 536 | |a Universidad Andrés Bello | ||
| 518 | |p Congreso de la Asociación Chilena de Control Automático, 18, Santiago, 10-12 noviembre de 2008 | ||
| 999 | |c 384407 |d 384405 | ||
| 952 | |0 0 |1 0 |4 0 |6 629_800000000000000_LEF_2008 |7 0 |8 A |9 507106 |a BIBING |b BIBING |d 2020-01-23 |i 4510100 |o 629.8 LEF 2008 |p 4510100 |r 2025-01-20 |w 2020-01-23 |y BK |k EIE | ||